000 00902nam a2200253 i 4500
003 DO-SdBNP
005 20240111091222.0
006 a||||gr|||| 00| 0
007 ta
008 240111q1994 dr ||||| |||| 00| 0 spa d
040 _aDO-SdBNP
_bspa
_cBNPHU
_erda
082 4 _222
_a346.72930135
_bR426co
110 1 _aRepública Dominicana.
_bPoder Judicial
_915992
240 _aLeyes,[etc.]
245 1 0 _aCódigo del menor de la República Dominicana :
_bley 14-94 código para la protección de niños, niñas y adolescentes /
_cEdición al cuidado de Bolívar R. Sánchez Veloz
264 4 _aSanto Domingo :
_bPalma,
_c[1994].
300 _a102 páginas ;
_c21 cm.
336 _2rdacontent
_atexto
_btxt
337 _2rdamedia
_asin mediación
_bn
338 _2rdacarrier
_avolumen
_bnc
590 _aInventariado 2024 / MF
700 1 _aSánchez Veloz, Bolívar R.,
_98403
_eeditor
942 _2ddc
_cLBS1
999 _c55653
_d55653